| 000 | 00505nam a2200181 a 4500 | ||
|---|---|---|---|
| 005 | 20210219160238.0 | ||
| 008 | 080929s1993 mx r 000 0 spa d | ||
| 020 | _a9682947170 | ||
| 035 | _aUPN01000161360 | ||
| 049 | _aUNE | ||
| 080 | _aOC 792 (72) 1990-91 TEA 2ejem. | ||
| 245 | 0 | 0 |
_aTeatro en México 1990-91 : _bbianuario. |
| 260 |
_aMéxico : _bINBA, _c1993. |
||
| 300 |
_a275 p. ; _bil. |
||
| 690 | _aTeatro- Mexico | ||
| 710 | 2 | _aInstituto Nacional de Bellas Artes (México) | |
| 905 | _aUNESCO | ||
| 999 |
_c133473 _d133473 |
||